Biblioteka regionalisty

Guardado en:
Detalles Bibliográficos
Formato: Seriadas
Lenguaje:polaco
Publicado: Wroclaw Uniwersytet Ekonomiczny we Wrocławiu 2013
Materias:
Etiquetas: Agregar Etiqueta
Sin Etiquetas, Sea el primero en etiquetar este registro!

MARC

LEADER 00000nas2a2200000 4500
001 0238988
005 20180119092354.5
022 |a 2081-4461 
041 0 |a pol 
044 |a PL 
245 1 0 |a Biblioteka regionalisty 
264 1 |a Wroclaw  |b Uniwersytet Ekonomiczny we Wrocławiu  |c 2013 
773 0 |w eu_un_cat*0116287 
610 2 0 |a regióny 
610 2 0 |a rozvoj regionálny 
610 2 0 |a Poľsko